header

Infertilities (Record no. 114005)

MARC details
000 -LEADER
fixed length control field 01474nam a2200349 a 4500
082 04 - DEWEY DECIMAL CLASSIFICATION NUMBER
Classification number 863.009/353
100 1# - MAIN ENTRY--AUTHOR NAME
Personal name Goodman, Robin Truth,
245 10 - TITLE STATEMENT
Title Infertilities
260 ## - PUBLICATION, DISTRIBUTION, ETC. (IMPRINT)
Place of publication Minneapolis :
Name of publisher University of Minnesota Press,
Year of publication c2001.
300 ## - PHYSICAL DESCRIPTION
Number of Pages xxiv, 234 p.
490 1# - SERIES STATEMENT
Series statement Cultural studies of the Americas ;
650 #0 - SUBJECT ADDED ENTRY--TOPICAL TERM
Topical Term Spanish American fiction
Topical Term Infertility, Female, in literature.
856 40 - ELECTRONIC LOCATION AND ACCESS
Uniform Resource Identifier http://site.ebrary.com/lib/rucke/Doc?id=10194448

No items available.

© 2026 Rongo University
Contact us: librarian | system librarian | Rongo university